<?xml version="1.0" encoding="UTF-8"?>
<collection xmlns="http://www.loc.gov/MARC21/slim">
 <record>
  <leader>03702nam a22005295i 4500</leader>
  <controlfield tag="001">978-3-319-05606-7</controlfield>
  <controlfield tag="003">DE-He213</controlfield>
  <controlfield tag="005">20200704001145.0</controlfield>
  <controlfield tag="007">cr nn 008mamaa</controlfield>
  <controlfield tag="008">140411s2014    gw |    s    |||| 0|eng d</controlfield>
  <datafield tag="020" ind1=" " ind2=" ">
   <subfield code="a">9783319056067</subfield>
   <subfield code="9">978-3-319-05606-7</subfield>
  </datafield>
  <datafield tag="024" ind1="7" ind2=" ">
   <subfield code="a">10.1007/978-3-319-05606-7</subfield>
   <subfield code="2">doi</subfield>
  </datafield>
  <datafield tag="050" ind1=" " ind2="4">
   <subfield code="a">Q334-342</subfield>
  </datafield>
  <datafield tag="072" ind1=" " ind2="7">
   <subfield code="a">UYQ</subfield>
   <subfield code="2">bicssc</subfield>
  </datafield>
  <datafield tag="072" ind1=" " ind2="7">
   <subfield code="a">COM004000</subfield>
   <subfield code="2">bisacsh</subfield>
  </datafield>
  <datafield tag="072" ind1=" " ind2="7">
   <subfield code="a">UYQ</subfield>
   <subfield code="2">thema</subfield>
  </datafield>
  <datafield tag="082" ind1="0" ind2="4">
   <subfield code="a">006.3</subfield>
   <subfield code="2">23</subfield>
  </datafield>
  <datafield tag="100" ind1="1" ind2=" ">
   <subfield code="a">Nath, Vishnu.</subfield>
   <subfield code="e">author.</subfield>
   <subfield code="4">aut</subfield>
   <subfield code="4">http://id.loc.gov/vocabulary/relators/aut</subfield>
  </datafield>
  <datafield tag="245" ind1="1" ind2="0">
   <subfield code="a">Autonomous Military Robotics</subfield>
   <subfield code="h">[electronic resource] /</subfield>
   <subfield code="c">by Vishnu Nath, Stephen E. Levinson.</subfield>
  </datafield>
  <datafield tag="250" ind1=" " ind2=" ">
   <subfield code="a">1st ed. 2014.</subfield>
  </datafield>
  <datafield tag="264" ind1=" " ind2="1">
   <subfield code="a">Cham :</subfield>
   <subfield code="b">Springer International Publishing :</subfield>
   <subfield code="b">Imprint: Springer,</subfield>
   <subfield code="c">2014.</subfield>
  </datafield>
  <datafield tag="300" ind1=" " ind2=" ">
   <subfield code="a">VIII, 56 p. 18 illus.</subfield>
   <subfield code="b">online resource.</subfield>
  </datafield>
  <datafield tag="336" ind1=" " ind2=" ">
   <subfield code="a">text</subfield>
   <subfield code="b">txt</subfield>
   <subfield code="2">rdacontent</subfield>
  </datafield>
  <datafield tag="337" ind1=" " ind2=" ">
   <subfield code="a">computer</subfield>
   <subfield code="b">c</subfield>
   <subfield code="2">rdamedia</subfield>
  </datafield>
  <datafield tag="338" ind1=" " ind2=" ">
   <subfield code="a">online resource</subfield>
   <subfield code="b">cr</subfield>
   <subfield code="2">rdacarrier</subfield>
  </datafield>
  <datafield tag="347" ind1=" " ind2=" ">
   <subfield code="a">text file</subfield>
   <subfield code="b">PDF</subfield>
   <subfield code="2">rda</subfield>
  </datafield>
  <datafield tag="490" ind1="1" ind2=" ">
   <subfield code="a">SpringerBriefs in Computer Science,</subfield>
   <subfield code="x">2191-5768</subfield>
  </datafield>
  <datafield tag="505" ind1="0" ind2=" ">
   <subfield code="a">Introduction -- Overview of Probability and Statistics -- Primer on Matrices and Determinants -- Robot Kinematics -- Computer Vision -- Machine Learning -- Bullet Kinematics -- Experimental Results -- Future Direction.</subfield>
  </datafield>
  <datafield tag="520" ind1=" " ind2=" ">
   <subfield code="a">This SpringerBrief reveals the latest techniques in computer vision and machine learning on robots that are designed as accurate and efficient military snipers. Militaries around the world are investigating this technology to simplify the time, cost and safety measures necessary for training human snipers. These robots are developed by combining crucial aspects of computer science research areas including image processing, robotic kinematics and learning algorithms. The authors explain how a new humanoid robot, the iCub, uses high-speed cameras and computer vision algorithms to track the object that has been classified as a target. The robot adjusts its arm and the gun muzzle for maximum accuracy, due to a neural model that includes the parameters of its joint angles, the velocity of the bullet and the approximate distance of the target. A thorough literature review provides helpful context for the experiments. Of practical interest to military forces around the world, this brief is designed for professionals and researchers working in military robotics. It will also be useful for advanced level computer science students focused on computer vision, AI and machine learning issues.</subfield>
  </datafield>
  <datafield tag="650" ind1=" " ind2="0">
   <subfield code="a">Artificial intelligence.</subfield>
  </datafield>
  <datafield tag="650" ind1=" " ind2="0">
   <subfield code="a">Optical data processing.</subfield>
  </datafield>
  <datafield tag="650" ind1=" " ind2="0">
   <subfield code="a">User interfaces (Computer systems).</subfield>
  </datafield>
  <datafield tag="650" ind1="1" ind2="4">
   <subfield code="a">Artificial Intelligence.</subfield>
   <subfield code="0">https://scigraph.springernature.com/ontologies/product-market-codes/I21000</subfield>
  </datafield>
  <datafield tag="650" ind1="2" ind2="4">
   <subfield code="a">Image Processing and Computer Vision.</subfield>
   <subfield code="0">https://scigraph.springernature.com/ontologies/product-market-codes/I22021</subfield>
  </datafield>
  <datafield tag="650" ind1="2" ind2="4">
   <subfield code="a">User Interfaces and Human Computer Interaction.</subfield>
   <subfield code="0">https://scigraph.springernature.com/ontologies/product-market-codes/I18067</subfield>
  </datafield>
  <datafield tag="650" ind1="2" ind2="4">
   <subfield code="a">Computer Imaging, Vision, Pattern Recognition and Graphics.</subfield>
   <subfield code="0">https://scigraph.springernature.com/ontologies/product-market-codes/I22005</subfield>
  </datafield>
  <datafield tag="700" ind1="1" ind2=" ">
   <subfield code="a">Levinson, Stephen E.</subfield>
   <subfield code="e">author.</subfield>
   <subfield code="4">aut</subfield>
   <subfield code="4">http://id.loc.gov/vocabulary/relators/aut</subfield>
  </datafield>
  <datafield tag="710" ind1="2" ind2=" ">
   <subfield code="a">SpringerLink (Online service)</subfield>
  </datafield>
  <datafield tag="773" ind1="0" ind2=" ">
   <subfield code="t">Springer Nature eBook</subfield>
  </datafield>
  <datafield tag="776" ind1="0" ind2="8">
   <subfield code="i">Printed edition:</subfield>
   <subfield code="z">9783319056074</subfield>
  </datafield>
  <datafield tag="776" ind1="0" ind2="8">
   <subfield code="i">Printed edition:</subfield>
   <subfield code="z">9783319056050</subfield>
  </datafield>
  <datafield tag="830" ind1=" " ind2="0">
   <subfield code="a">SpringerBriefs in Computer Science,</subfield>
   <subfield code="x">2191-5768</subfield>
  </datafield>
  <datafield tag="856" ind1="4" ind2="0">
   <subfield code="u">https://doi.org/10.1007/978-3-319-05606-7</subfield>
  </datafield>
  <datafield tag="912" ind1=" " ind2=" ">
   <subfield code="a">ZDB-2-SCS</subfield>
  </datafield>
  <datafield tag="912" ind1=" " ind2=" ">
   <subfield code="a">ZDB-2-SXCS</subfield>
  </datafield>
  <datafield tag="950" ind1=" " ind2=" ">
   <subfield code="a">Computer Science (SpringerNature-11645)</subfield>
  </datafield>
  <datafield tag="950" ind1=" " ind2=" ">
   <subfield code="a">Computer Science (R0) (SpringerNature-43710)</subfield>
  </datafield>
 </record>
</collection>
